000 01064cam a2200385 4500
001 J98806
008 090401t1998 xxu||||| |||| 00| 0 eng d
035 _a(Sirsi) u93547
041 _aeng
050 _a630
110 _aCollege of Estate Management
_9400
245 _aRural notes : an annual guide to the latest issues affecting Chartered Surveyors and APC candidates in rural practice. - November 1998
260 _aReading
_bCollege of Estate Agency
_c1998
300 _a172p. ; 30cm.
350 _a16.00
650 _aAGRICULTURAL LAW
650 _aAGRICULTURAL TENANCIES ACT 1995
650 _aCAP
650 _aCONSERVATION GRANTS
650 _aCONTAMINATED LAND
650 _aCOUNTRYSIDE
650 _aFARM BUILDINGS
650 _aFARMING
650 _aFIELD SPORTS
650 _aFORESTRY
650 _aJOINT VENTURES
650 _aPLANNING
650 _aRECREATIONAL LAND
650 _aRURAL AREAS
650 _aTAXATION
650 _aWASTE CONTROL
690 _aRURAL PRACTICE
942 _n0
948 _c25/05/1999
999 _c97845
_d97845